Eco-efficiecy: Are We Converging?
Hodnotenie výkonnosti krajiny modelom DEA (analýza obaľovania dát) s SBM modifikáciou. Konvergencia skúmaná porovnaním veľkosti produkcie kapitálu a množstva potrebnej pracovnej sily.
Salvato in:
| Autore principale: | |
|---|---|
| Altri autori: | |
| Natura: | Capitolo di libro |
| Lingua: | inglese |
| Soggetti: | |
| Tags: |
Nessun Tag, puoi essere il primo ad aggiungerne!!
|
MARC
| LEADER | 00000nla a2200000 4500 | ||
|---|---|---|---|
| 001 | 0221969 | ||
| 005 | 20240502083550.1 | ||
| 041 | 0 | |a eng | |
| 044 | |a PT | ||
| 245 | 1 | 0 | |a Eco-efficiecy: Are We Converging? |c Eduard Nežinský, Martin Hudcovský |
| 520 | |a Hodnotenie výkonnosti krajiny modelom DEA (analýza obaľovania dát) s SBM modifikáciou. Konvergencia skúmaná porovnaním veľkosti produkcie kapitálu a množstva potrebnej pracovnej sily. | ||
| 610 | 2 | 0 | |a efektívnosť ekonomická |
| 610 | 2 | 0 | |a výkonnosť ekonomiky |
| 610 | 2 | 0 | |a analýza obaľovania dát |
| 610 | 2 | 0 | |a konvergencia |
| 100 | 1 | |a Nežinský, Eduard, 1972- | |
| 700 | 1 | |a Hudcovský, Martin, 1988- | |